000 01146cam a2200301 i 4500
001 61492
003 Mx-PuUPA
005 20250410143821.0
008 141003s1997 mx r 000 0 spa d
020 _a970050204X
040 _aMx-PuUPA
_bspa
_cMx-PuUPA
_dMx-PuUPA
_erda
041 1 _aspa
_heng
100 1 _aWalsch, Neale Donald,
_eautor
240 1 0 _aConversations with God. An uncommon dialogue.
_lEspañol
245 1 0 _aConversaciones con Dios :
_buna experiencia extraordinaria /
_cNeale Donald Walsch ; traducción, Francisco J. Ramos
264 1 _aMéxico, D.F. :
_bEditorial Grijalbo,
_c©1997
300 _a201 páginas ;
_c23 cm
336 _atexto
_2rdacontent
_btxt
337 _asin medio
_2rdamedia
_bn
338 _avolume
_2rdacarrier
_bnc
650 7 _2armarc
_aDios
_xReligión
650 0 _2armarc
_aRevelación
_xNueva era
700 1 _aRamos, Francisco J.
_etraductor
_92364
765 0 _aWalsch, Neale Donald,
_dCharlottesville, Virginia, Hampton Roads Publishing, 1995
_tConversations with God. An uncommon dialogue.
942 _2ddc
_cLI
_h299.93
_iW15
999 _c61492
_d61492